000 00736nam a2200217 a 4500
001 BRCA_3527
005 20190320204324.0
008 260709s1933----mx-a---###---#000-0#spa-#
041 _aspa
044 _amx
050 4 _aF1219
_b.M49 1933
245 1 0 _aMonumentos arqueológicos de México.
260 _aMéxico
_bTalleres Gráficos de la Nación
_c1933
300 _a14 p.
_bil., 150 laminas en 75 h.
_c24 cm.
500 _aA la cabeza de la portada: Publicaciones de la Secretaría de Educación Pública. Departamento de Monumentos. Dirección de Monumentos Prehispánicos.
500 _aB131
650 1 4 _aMéxico
_xAntigüedades
_99161
650 1 4 _aIndios de México
_xAntigüedades
_99162
902 _aGFM
942 _2lcc
_cB
999 _c3262
_d3262